<?xml version="1.0" encoding="UTF-8"?>
<collection xmlns="http://www.loc.gov/MARC21/slim">
 <record>
  <leader>00449nam a22001691a 4500</leader>
  <controlfield tag="001">000040461</controlfield>
  <controlfield tag="003">16756</controlfield>
  <controlfield tag="005">20160412023220.0</controlfield>
  <controlfield tag="008">160412s0                     000</controlfield>
  <datafield tag="082" ind1=" " ind2=" ">
   <subfield code="a">A23127-28</subfield>
  </datafield>
  <datafield tag="245" ind1=" " ind2=" ">
   <subfield code="a">The norton anthology of American literature - 5th edition - volume 2</subfield>
   <subfield code="c">Baym…</subfield>
  </datafield>
  <datafield tag="OWN" ind1=" " ind2=" ">
   <subfield code="a">LNN</subfield>
  </datafield>
  <datafield tag="999" ind1=" " ind2=" ">
   <subfield code="a">From the UDN01</subfield>
  </datafield>
  <datafield tag="TYP" ind1=" " ind2=" ">
   <subfield code="a">Monograph</subfield>
  </datafield>
  <datafield tag="980" ind1=" " ind2=" ">
   <subfield code="a">Mạng thư viện Đại học Đà Nẵng</subfield>
  </datafield>
 </record>
</collection>
